| 000 | 01041nam a2200277 a 4500 | ||
|---|---|---|---|
| 001 | 000030604 | ||
| 005 | 20200930062414.0 | ||
| 008 | 090723s2011 pr 000 f spa d | ||
| 020 | _z9789945455083 | ||
| 040 |
_aDO-SdBNP _bspa _cBNPHU |
||
| 082 |
_aPR863.44 _bA174s, 2011 |
||
| 100 | 1 |
_aAcevedo Rodríguez, Rafael, _d1960- _913067 |
|
| 245 | 1 | 0 |
_aSexo y cura ; _bCarnada de cangrejo en Manhattan / _cRafael Acevedo Rodríguez. |
| 250 | _a3a ed. | ||
| 260 |
_aSan Juan, Puerto Rico : _bIsla Negra, _c2011. |
||
| 300 |
_a46, 41 p. ; _c22 cm. |
||
| 490 | 1 |
_aLa montaña de papel _v69 |
|
| 502 | _aPublicado con: Carnada de cangrejo en Manhattan | ||
| 563 | _aDos obras encuadernadas juntas con paginación invertida. | ||
| 590 | _aInventariado, 2019 / DG | ||
| 650 | 4 |
_aNovela puertorriqueña _91185 |
|
| 650 | 4 |
_aLiteratura puertorriqueña _9250 |
|
| 700 | 1 | 2 |
_aAcevedo Rodríguez, Rafael, _d1960- _tCarnada de cangrejo en Manhattan _913068 |
| 830 | 0 |
_aLa montaña de papel _n69 _913069 |
|
| 910 | _aValidado. Control de calidad. MMOLINA | ||
| 999 |
_c30096 _d30096 |
||